000 00724nam a22002172 4500
001 0000024924
005 20151217145950.0
008 140328s xx 000 0 eng d
020 _a159631812 :
040 _aKABU
_cKABU
100 1 _aBerger, Sandra L.
_@0000185223
245 1 0 _aCollege planning for gifted students :
_bchoosing and getting into the right college /
_cSandra L. Berger.
250 _a1st ed.
260 _aWaco, TX :
_bPrufrock,
_c2006.
300 _axii, 231 p.
650 0 _aCollege choice
_zUnited States.
_@0000185224
650 0 _aGifted children
_xEducation
_zUnited States.
_@0000179393
852 1 _9p3995 KES
908 _a140328
950 _@1
999 _c4577
_d4577